La riforma sessuale su base scientifica /

Uloženo v:
Podrobná bibliografie
Hlavní autor: Hirschfeld, Magnus (Autor)
Další autoři: Tinto, Edoardo
Médium: Kniha
Jazyk:italština
Vydáno: Roma : E. Tinto, 1929
Edice:Biblioteca dei curiosi ; 41
Tagy: Přidat tag
Žádné tagy, Buďte první, kdo vytvoří štítek k tomuto záznamu!

MARC

LEADER 00000nam a22000007i 4500
001 IT\ICCU\CFI\0496594
003 ItRI
005 20260115232323.0
008 010124s1929 it |||||| ||||| |||||c
015 |2 IT  |a 1930 2762 
024 7 0 |a 296203  |2 cubi 
040 |b ita  |c importazione bologna sebina 
041 7 |a ita  |2 ISO-639-2 
100 1 |a Hirschfeld, Magnus  |0 IT\ICCU\LO1V\136237  |4 aut 
245 1 3 |a La riforma sessuale su base scientifica /  |c Magnus Hirschfeld ; compilazione e note di Edoardo Tinto. 
260 |a Roma :  |b E. Tinto,  |c 1929  |e (Tip. Castaldi) 
300 |a 31 p. ;  |c 18 cm. 
700 1 |a Tinto, Edoardo  |0 IT\ICCU\SBLV\230042 
830 0 |a Biblioteca dei curiosi ;  |v 41  |0 IT\ICCU\LO1\0358379 
942 |2 ddc  |c BK  |n 0 
952 |0 0  |1 0  |4 0  |6 DOC_155_340000000000000_HIR  |7 0  |9 24142  |a BO  |b BO  |d 2026-01-15  |i 4126  |l 0  |o DOC 155.34 HIR  |p BO4126  |r 2026-01-15 23:23:23  |w 2026-01-15  |x [Sebina 7] [1 v. (In fotocopia)]  |y BK  |z 1 v. (In fotocopia) 
999 |c 20550  |d 20550